000 00639nam a2200241Ia 4500
003 OSt
005 20221007101351.0
006 a|||||r|||| 00| 0
007 ta
008 221006b |||||||| |||| 00| 0 eng d
024 _a6,321
037 _cTextual
040 _aLCO
_cLCO
_beng
041 _2eng
_aeng
082 _aZ2,6, L1
100 _aRAHMATULLA KHAN
_9702897
245 0 _aAn Introduction to the study of Comparative Law.
260 _aBombay
_bN. M. Tripathi
_c1971
300 _a174
650 _aCOMPARATIVE LAW
_9681818
942 _hZ2,6, L1
_cTEXL
999 _c1175884
_d1175884